LIBRARY & INFORMATION CENTRE, KCAET, TAVANUR

ONLINE PUBLIC ACCESS CATALOGUE (OPAC)

Soil genesis and classification / (Record no. 2692)

MARC details
000 -LEADER
fixed length control field 00515cam a2200205ua 4500
041 ## - LANGUAGE CODE
Language code of text/sound track or separate title eng
082 ## - DEWEY DECIMAL CLASSIFICATION NUMBER
Classification number 631.4012
Item number BUO/SO
100 ## - MAIN ENTRY--AUTHOR NAME
Personal name Buol, S W .
245 ## - TITLE STATEMENT
Title Soil genesis and classification /
250 ## - EDITION STATEMENT
Edition statement 2 /
260 ## - PUBLICATION, DISTRIBUTION, ETC. (IMPRINT)
Place of publication New Delhi :
Name of publisher Oxford & IBH Publishing company ,
Year of publication 1980.
300 ## - PHYSICAL DESCRIPTION
Number of Pages 404 ; .
700 1# - ADDED ENTRY--PERSONAL NAME
Personal name Hole, F D .
700 1# - ADDED ENTRY--PERSONAL NAME
Personal name Mccracken, .
942 ## - ADDED ENTRY ELEMENTS (KOHA)
Koha item type Books
Holdings
Withdrawn status Lost status Damaged status Home library Current library Date acquired Full call number Accession Number Koha item type
      KAUAET KAUAET 01/09/1986 631.4012 15588 Books
Withdrawn     KAUAET KAUAET 08/10/2021 631.4012 BUO/SO 14653 Books
free website counter